| 000 | 00797nam a2200265 i 4500 | ||
|---|---|---|---|
| 001 | bgj | ||
| 003 | BPK | ||
| 005 | 20140813115417.0 | ||
| 008 | 030303s2002 uk f |000 0 eng d | ||
| 020 | _a0582745020 (pbk) | ||
| 040 | _cBPK | ||
| 041 | 0 | _aeng | |
| 080 | _a821.111(73) | ||
| 100 | 1 | _aHigh, Peter B. | |
| 245 | 1 | 0 |
_aAn Outline of American Literature / _cPeter B. High. |
| 250 | _a[22nd impr.]. | ||
| 260 |
_aHarlow, Essex : _bLongman, _c2002. |
||
| 300 |
_a256 s. : _bil. ; _c24 cm. |
||
| 650 | 0 |
_aAmerican literature _xHistory and criticism |
|
| 650 | 0 |
_aAmerican literature _xStudy and teaching |
|
| 650 | 0 | _aAmerican literature | |
| 655 | 0 | _aTextbooks for foreign speakers. | |
| 655 | 4 |
_aLiteratura amerykaĆska _xhistoria |
|
| 942 |
_cKS _2UKD |
||
| 999 |
_c48404 _d48404 |
||
| 856 |
_uhttp://koha.tu.koszalin.pl/cgi-bin/koha/opac-detail.pl?biblionumber=48404 _yKatalog online BPK |
||